000 00541nam a2200181 i 4500
001 23951
003 ES-MaACL
005 20230906152950.0
007 t|
008 021213s1905 fr ||||1| fre d
100 1 _aAmiel, Henri Frédéric.
_921232
245 1 0 _aFragments d'un journal intime /
_cHenri Frédéric Amiel ; precedes d'une etude par Edmondo Scherer.
250 _a9e ed.
260 _aGeneve :
_bW. Kundig e Fich,
_c1905.
300 _a2 v. ;
_c19 cm.
700 1 _aScherer, Edmond.
_9132539
852 _aES-MaACL
_jD-1368-69
999 _c23951
_d23951